Music Quiz

Random Music or Numbers Quiz

UK Number One Hits of 1983 Quiz Stats

 Plays Quiz not verified by Sporcle

Challenge
Share
Tweet
Embed
Score 0/17 Timer 06:00
0 Plays Today
Artist Song Title % Correct
Men At WorkDown Under
87.3%
Bonnie TylerTotal Eclipse of the Heart
87.3%
UB40Red Red Wine
83.1%
Michael JacksonBillie Jean
81%
Spandau BalletTrue
81%
Billy JoelUptown Girl
80.3%
KajagoogooToo Shy
79.6%
Culture ClubKarma Chameleon
78.2%
The PoliceEvery Breath You Take
77.5%
Artist Song Title % Correct
David BowieLet's Dance
69%
The Flying PicketsOnly You
62%
Paul YoungWherever I Lay My Hat (That's My Home)
54.9%
Phil CollinsYou Can't Hurry Love
52.1%
KC and the Sunshine BandGive It Up
50%
New EditionCandy Girl
47.9%
Rod StewartBaby Jane
47.9%
Duran DuranIs There Something I Should Know
43%

You're not logged in!

Compare scores with friends on all Sporcle quizzes.
OR
Log In

You Might Also Like...

Show Comments

Extras

Top Quizzes Today


Score Distribution

Your Account Isn't Verified!

In order to create a playlist on Sporcle, you need to verify the email address you used during registration. Go to your Sporcle Settings to finish the process.

Report this User

Report this user for behavior that violates our Community Guidelines.

Details: